Tilastot visalle Suomen sata yleisintä lintulajia

Klikkaa tästä pelataksesi tätä visaa!

Yleistilastot

  • Tätä visaa on pelattu 651 kertaa
  • Keskiarvotulos 46 / 100

Vastaustilastot

Vastaus % Oikein
47.varis
97%
51.harakka
94%
21.sinitiainen
91%
7.talitiainen
88%
44.sinisorsa
88%
41.punatulkku
85%
1.peippo
81%
68.naakka
79%
40.varpunen
76%
10.räkättirastas
76%
23.mustarastas
74%
72.kalalokki
74%
33.metso
72%
25.västäräkki
71%
15.hömötiainen
71%
69.naurulokki
68%
29.käpytikka
65%
93.kurki
65%
18.teeri
65%
99.kesykyyhky
63%
58.haarapääsky
63%
2.pajulintu
62%
88.palokärki
62%
3.punarinta
61%
98.harmaalokki
58%
35.viherpeippo
57%
60.närhi
57%
87.kalatiira
57%
65.tilhi
56%
42.telkkä
56%
12.laulurastas
55%
46.tavi
54%
67.töyhtöhyyppä
53%
13.keltasirkku
52%
71.kuovi
52%
43.kiuru
51%
26.pyy
51%
36.sepelkyyhky
50%
61.käki
49%
86.tukkasotka
49%
79.kuusitiainen
49%
66.riekko
49%
20.kirjosieppo
48%
80.kuukkeli
48%
11.hippiäinen
47%
74.räystäspääsky
46%
91.silkkiuikku
46%
4.vihervarpunen
46%
28.töyhtötiainen
46%
9.punakylkirastas
44%
54.pikkuvarpunen
44%
82.kottarainen
42%
78.haapana
40%
62.haahka
38%
34.tiltaltti
38%
8.järripeippo
37%
22.urpiainen
37%
6.harmaasieppo
36%
84.sinirinta
35%
5.metsäkirvinen
35%
27.liro
34%
56.taivaanvuohi
34%
76.lapintiira
33%
17.keltavästäräkki
32%
77.lapintiainen
32%
94.pyrstötiainen
32%
45.puukiipijä
32%
85.törmäpääsky
32%
49.lehtokurppa
31%
50.kulorastas
31%
30.pikkukäpylintu
30%
96.tukkakoskelo
29%
73.kivitasku
29%
37.pajusirkku
29%
55.rantasipi
29%
83.valkoviklo
28%
63.peukaloinen
28%
19.niittykirvinen
28%
31.pensaskerttu
27%
32.hernekerttu
27%
48.metsäviklo
27%
59.punavarpunen
26%
53.sirittäjä
25%
89.pikkukuovi
25%
75.isokäpylintu
25%
16.leppälintu
24%
24.rautiainen
24%
64.ruokokerttunen
23%
14.lehtokerttu
23%
92.viitakerttunen
23%
81.pikkulepinkäinen
22%
90.pohjantikka
22%
97.jänkäsirriäinen
21%
57.kapustarinta
21%
38.pensastasku
21%
70.mustapääkerttu
21%
52.lapinsirkku
21%
100.pikkusirkku
21%
95.idänuunilintu
19%
39.pohjansirkku
18%

Tulosjakauma

Persentiili vastausten määrän mukaan

Jokaisen tuloksen saaneiden osuus

Tuloshistoriasi

Et ole pelannut tätä visaa